Chambers Essential Guide to Indian Culture (Record no. 214297)

MARC details
000 -LEADER
fixed length control field 00560nam a22001817a 4500
005 - DATE AND TIME OF LATEST TRANSACTION
control field 20260120120422.0
010 ## - LCCN (DPL NO)
LC control number ENG-147549
020 ## - INTERNATIONAL STANDARD BOOK NUMBER
International Standard Book Number 9789357317306
Terms of availability 699.00
035 ## - SYSTEM CONTROL NUMBER
System control number EN-131081
037 ## - SOURCE OF ACQUISITION
Source of stock number/acquisition DBAD
082 ## - DEWEY DECIMAL CLASSIFICATION NUMBER
Classification number 306.954
Edition number 1
245 ## - TITLE STATEMENT
Title Chambers Essential Guide to Indian Culture
260 ## - PUBLICATION, DISTRIBUTION, ETC. (IMPRINT)
Place of publication, distribution, etc Gurugram
Name of publisher, distributor, etc Hachette Book Publishing Pvt. Ltd.
Date of publication, distribution, etc 2025
270 ## - ADDRESS
Address 4th&5th Floors, Corporate Centre Plot No. 94, Sector 44,
City Gurugram
Postal code 122003
300 ## - PHYSICAL DESCRIPTION
Extent xlii, 595p.
Dimensions 24cm(hb)
760 ## - MAIN SERIES ENTRY
Edition 1
942 ## - ADDED ENTRY ELEMENTS (KOHA)
Source of classification or shelving scheme Dewey Decimal Classification
Item type English Books
Classification part 306.954
Call number suffix CHA
Edition 1
Holdings
Withdrawn status Lost status Not for loan Collection code Home library Current library Date acquired Source of acquisition Cost, normal purchase price Full call number Barcode Copy number Cost, replacement price Koha item type
      Non-fiction Janak Puri Janak Puri 20/01/2026 Delivery of Books Act Division 699.00 306.954 CHA EN-131081 1 699.00 English Books

© Delhi Public Library
Hit Counter
free hit counter